000 00448nam a2200181Ia 4500
005 20231107111822.0
008 131103s9999 xx 000 0 und d
040 _aLoreto College
041 _aEnglish
082 _aF
_bSTE
100 _aStewart,Mary
245 _aThornyhold
_cMary Stewart
260 _aLondon
_bCoronet Books/Hodder & Stoughton
_c1989
300 _a224 p.
650 _aFiction in English
850 _aLCLIB
942 _cBK
999 _c15660
_d66139